Anagram- Solo Artists from the 60s/70s - Statistics

General Stats
  • This quiz has been taken 28 times
  • The average score is 6 of 15
Answer Stats
Hint Answer % Correct
dyaolbbn Bob Dylan
88%
nnjoeloth Elton John
80%
cnshnjohay Johnny Cash
80%
meaesttaj Etta James
64%
jsjonniplia Janis Joplin
60%
hakliarentfran Aretha Franklin
56%
sprvleeliyes Elvis Presley
40%
esbrnamjwo James Brown
40%
osiasdnar Diana Ross
28%
uatshkeb Kate Bush
28%
idbvwiodae David Bowie
24%
edsrngdioti Otis Redding
20%
hayrrcleas Ray Charles
16%
ondesterview Stevie Wonder
16%
niccaperotl Eric Clapton
0%
No matching quizzes found
Score Distribution
Percent of People with Each Score
Percentile by Number Answered
Your Score History
You have not taken this quiz